25 Number Logic Puzzle Quiz Stats

 Plays Quiz Updated Sep 17, 2014

Score 0/25 Timer 20:00
29 Plays Today
Box Hint % Correct




A1
???
100%




C3
???
68.9%




A5
???
43.9%




E1
???
42.7%




E5
???
40.8%




D4
???
37.4%




B4
???
34.9%




D2
???
31.1%




B2
???
29.8%




E4
???
20.2%




A4
???
19.1%




C4
???
19%




D5
???
18.4%
Box Hint % Correct




D3
???
17.9%




B5
???
16.8%




C2
???
16.1%




D1
???
15.9%




E3
???
13.3%




C1
???
13%




E2
???
12.7%




A2
???
8.9%




C5
???
8.5%




A3
???
8%




B3
???
7.2%




B1
???
7.1%

You're not logged in!

Compare scores with friends on all Sporcle quizzes.
OR
Log In

Show Comments

Extras

Top Quizzes Today


Score Distribution

Your Account Isn't Verified!

In order to create a playlist on Sporcle, you need to verify the email address you used during registration. Go to your Sporcle Settings to finish the process.

Report this User

Report this user for behavior that violates our Community Guidelines.

Details: